000 00400pab a2200145 454500
008 180718b1984 xxu||||| |||| 00| 0 eng d
100 _aSridhar Krishna
245 _aA note on transfer pricing - some theoretical issues and empirical evidence
260 _c1984
300 _a23-32
362 _aMay
650 _aInternational Business Enterprises
773 _aSocial Scientist
909 _a11203
999 _c11203
_d11203